[Event "GER Pfingstopen U16"]
[Site "Playchess.com INT"]
[Date "2020.06.05"]
[Round "1"]
[White "Gerhardt, Paul"]
[Black "Tennigkeit, Paul"]
[Result "0-1"]
[WhiteElo "1289"]
[BlackElo "1620"]
[PlyCount "64"]
[EventDate "2020.06.05"]
[EventType "swiss (blitz)"]
[EventRounds "11"]
[EventCountry "GER"]
[SourceTitle "CBM 197 Extra"]
[Source "ChessBase"]
[SourceDate "2020.09.30"]
[SourceVersion "1"]
[SourceVersionDate "2020.09.30"]
[SourceQuality "1"]

1. e4 e5 2. Nf3 Nc6 3. Bb5 Bc5 4. Bxc6 dxc6 5. Nxe5 Qd4 6. Qf3 Qxe5 7. 0-0 Nf6 8. d3 Bg4 9. Qg3 Qxg3 10. hxg3 0-0 11. Nc3 Rfe8 12. Be3 Bxe3 13. fxe3 Be6 14. Rf2 a6 15. b3 Rad8 16. Re1 Ng4 17. Rf4 Nf6 18. d4 Kf8 19. a4 b5 20. e5 Nd5 21. Nxd5 Rxd5 22. Rc1 bxa4 23. bxa4 Ra5 24. Ra1 Rb8 25. c3 Rb3 26. Rc1 Rxa4 27. Rf3 Raa3 28. e4 Rb2 29. c4 Raa2 30. d5 Rxg2+ 31. Kf1 Bh3 32. Ke1 Rg1+ 0-1